Largest Australian Cities - Statistics

General Stats
  • This quiz has been taken 11 times
    7 since last reset
  • The average score is 19 of 50
Answer Stats
Population State City % Correct
5.3M VIC Melbourne
100%
2.2M WA Perth
100%
5.2M NSW Sydney
100%
2.5M QLD Brisbane
86%
482K ACT Canberra
86%
1.4M SA Adelaide
71%
348K NSW Newcastle
71%
25K NT Alice Springs
57%
166K QLD Cairns
57%
152K NT Darwin
57%
299K VIC Geelong
57%
752K QLD Gold Coast
57%
218K TAS Hobart
57%
59K NSW Albury
43%
124K VIC Ballarat
43%
19K WA Broome
43%
106K TAS Launceston
43%
140K QLD Mackay
43%
41K NSW Orange
43%
51K NSW Port Macquarie
43%
84K QLD Rockhampton
43%
376K QLD Sunshine Coast
43%
184K QLD Toowoomba
43%
204K QLD Townsville
43%
223K NSW Wollongong
43%
46K NSW Bathurst
29%
129K VIC Bendigo
29%
17K NSW Broken Hill
29%
50K QLD Bundaberg
29%
84K NSW Coffs Harbour
29%
38K NSW Dubbo
29%
68k QLD Gladstone
29%
62K QLD Hervey Bay
29%
17K WA Port Hedland
29%
70K NSW Wagga Wagga
29%
15K QLD Emerald
14%
28K NSW Griffith
14%
3K QLD Longreach
14%
37K VIC Mildura
14%
152K WA Rockingham
14%
71K VIC Shepparton
14%
30K NSW Tamworth
14%
68K NSW Tweed Heads
14%
36K VIC Warrnambool
14%
30K NSW Armidale
0%
50K NSW Ballina
0%
9K QLD Moranbah
0%
22K QLD Mt Isa
0%
7K QLD Roma
0%
46K VIC Wodonga
0%
No matching quizzes found
Score Distribution
Percent of People with Each Score
Percentile by Number Answered
Your Score History
You have not taken this quiz since the last reset